Расчет арок

Bibliografiske detaljer
Hovedforfatter: Ульянинский Г. В.
Sprog:russisk
Udgivet: Томск, 1933
Fag:
Format: MixedMaterials Bog
KOHA link:https://koha.lib.tpu.ru/cgi-bin/koha/opac-detail.pl?biblionumber=592168

MARC

LEADER 00000nam0a2200000 4500
001 592168
005 20231101131709.0
035 |a (RuTPU)RU\TPU\tpu\3554 
035 |a TPU00003554 
090 |a 592168 
100 |a 20011210d1933 u y0rusy50 ca 
101 0 |a rus 
102 |a RU 
105 |a  000|y 
200 1 |a Расчет арок  |f Г. В. Ульянинский 
210 |a Томск  |d 1933 
215 |a 46 с. 
610 1 |a строительное дело 
610 1 |a труды учёных ТПУ 
700 1 |a Ульянинский  |b Г. В. 
801 0 |a RU  |b 63413507  |c 20011210  |g PSBO 
801 2 |a RU  |b 63413507  |c 20070313  |g PSBO 
942 |c BK